| 000 | nam a22 7a 4500 | ||
|---|---|---|---|
| 999 |
_c56027 _d56027 |
||
| 003 | OSt | ||
| 005 | 20221117123529.0 | ||
| 008 | 221117b xxu||||| |||| 00| 0 eng d | ||
| 040 | _cIIMT COLLEGE OF SCIENCE & TECHNOLOGY | ||
| 100 | _aE BALAGURUSAMY | ||
| 245 | _aPROGRAMMING WITH JAVA | ||
| 260 |
_aDELHI _bKIRTI _c2022 |
||
| 300 | _a586 | ||
| 942 |
_2ddc _c02 |
||